Reklama a daň z príjmov právnických osôb
V súvislosti s nadobudnutím účinnosti zákona č. 366/1999 Z.z. o daniach z príjmov v znení neskorších predpisov od 1.1.2000 došlo k niekoľkým zásadným zmenám v chápaní nákladov na reklamu ako daňových výdavkov. Nová definícia reklamy. Výdavky na reklamu možno na účely zákona o daniach z príjmov rozde...
Guardado en:
| Autor principal: | |
|---|---|
| Formato: | Capítulo de libro |
| Lenguaje: | eslovaco |
| Materias: | |
| Etiquetas: |
Sin Etiquetas, Sea el primero en etiquetar este registro!
|
MARC
| LEADER | 00000naa a2200000 4500 | ||
|---|---|---|---|
| 001 | r043137 | ||
| 005 | 20231003084711.6 | ||
| 041 | 0 | |a slo | |
| 044 | |a SK | ||
| 245 | 1 | 0 | |a Reklama a daň z príjmov právnických osôb |c Robert Spišák |
| 520 | |a V súvislosti s nadobudnutím účinnosti zákona č. 366/1999 Z.z. o daniach z príjmov v znení neskorších predpisov od 1.1.2000 došlo k niekoľkým zásadným zmenám v chápaní nákladov na reklamu ako daňových výdavkov. Nová definícia reklamy. Výdavky na reklamu možno na účely zákona o daniach z príjmov rozdeliť do štyroch kategórií. | ||
| 610 | 2 | 0 | |a dane z príjmov |
| 610 | 2 | 0 | |a osoby právnické |
| 610 | 2 | 0 | |a reklama |
| 610 | 2 | 0 | |a výdavky daňové |
| 610 | 2 | 0 | |a náklady daňové |
| 610 | 2 | 0 | |a úpravy právne |
| 610 | 2 | 0 | |a január |
| 610 | 2 | 0 | |a 2000 |
| 100 | 1 | |a Spišák, Robert | |